01194nam a2200205Ia 4500008004100000020002200041082001900063110002000082245012300102250000700225260003900232300001400271505026300285650003900548952009600587952009600683952009600779952009600875999001700971120629s9999 xx 000 0 und d a978-607-406-217-5 a343.7204 M479f aMéxico. Leyes aFisco agenda 2011 : compendio de leyes, reglamentos y otras disposiciones conexas sobre la materia con casos practicos a42 aMéxico : Ediciones Fiscales ISEF aIrregular aEsta edición contiene las disposiciones publicadas hasta la fecha de impresión de este producto. 1a. Seccion: Abreviaturas - Indice tematico - Ley del impuesto sobre la renta correlacionada - Reglamento de la ley del impuesto sobre la renta - Ley del im a1. IMPUESTOS-LEGISLACION-MEXICOÌ 00104070a15b15d2011-03-29l0o343.7204 M479Fp15 004600r2017-12-07t1w2012-06-28yLB 00104070a15b15d2011-05-31l0o343.7204 M479Fp15 004701r2017-12-07t2w2012-06-28yLB 00104070a15b15d2011-05-31l0o343.7204 M479Fp15 004702r2017-12-07t3w2012-06-28yLB 00104070a15b15d2011-05-31l0o343.7204 M479Fp15 004703r2017-12-07t4w2012-06-28yLB c77602d77602